00518nmm a2200181Ia 4500008004100000041000800041100002700049245002700076264004300103300001800146490001400164650002100178700002700199700003400226856005200260942000700312999001700319251105s9999||||xx |||||||||||||||||und|| aspa aPedrosa, José Manuel 0aArde el monte de noche a[Madrid, España] :bCalambur, c2009 a237 páginas aNarrativa aOther narratives aPedrosa, José Manuel1 a Ávila Laurel, Juan Tomás uhttps://public.digitaliapublishing.com/a/110324 cCF c69859d69859